Top 20 Busiest Airports in Africa - Statistics

General Stats
  • This quiz has been taken 132 times
  • The average score is 15 of 20
Answer Stats
Hint Answer % Correct
Egypt Cairo International Airport
99%
South Africa Cape Town International Airport
99%
South Africa Lanseria International Airport
97%
South Africa O. R. Tambo International Airport
97%
Kenya Jomo Kenyatta International Airport
96%
Nigeria Murtala Muhammed International Airport
95%
Morocco Mohammed V International Airport
94%
Tunisia Tunis Carthage International Airport
92%
South Africa King Shaka International Airport
86%
Nigeria Nnamdi Azikiwe International Airport
84%
Ethiopia Bole International Airport
82%
Zambia Kenneth Kaunda International Airport
74%
Spain Tenerife South Airport
67%
Portugal Madeira Airport
63%
South Africa Port Elizabeth Airport
61%
Spain Gran Canaria Airport
54%
Ivory Coast Félix Houphouët Boigny International Airport
45%
Egypt Hurghada International Airport
44%
Spain Lanzarote
42%
Egypt Sharm el-Sheikh International Airport
38%
No matching quizzes found
Score Distribution
Percent of People with Each Score
Percentile by Number Answered
Your Score History
You have not taken this quiz